Strzelcy bramek w reprezentacji Polski za kadencji Janasa - Statystyki

Ogólne statystyki
  • Ten quiz został rozwiązany 65 razy
  • Średni wynik to 13 z 33
Statystyki odpowiedzi
Liczba goli Piłkarz % Poprawnych
9 Frankowski
84%
8 Krzynówek
82%
4 Smolarek
82%
11 Żurawski
82%
1 Bąk
66%
1 Lewandowski
66%
2 Bosacki
61%
4 Kosowski
61%
2 Jeleń
57%
8 Rasiak
57%
1 Brożek
55%
5 Kłos
46%
1 Kałużny
45%
3 Szymkowiak
45%
4 Kryszałowicz
41%
6 Mila
41%
5 Niedzielan
36%
1 Sobolewski
34%
1 Baszczyński
29%
3 Saganowski
29%
2 Wichniarek
29%
1 Karwan
21%
2 Włodarczyk
20%
1 Piechna
16%
1 Kukiełka
14%
2 Kuźba
13%
2 Sosin
13%
1 Gorawski
11%
1 Bieniuk
7%
1 Burkhardt
7%
1 Sikora
7%
1 Dawidowski
5%
1 Lasocki
4%
Nie znaleziono quizów pasujących do podanych kryteriów
Rozkład punktacji
Procent ludzi z każdym wynikiem
Percentyl według liczby udzielonych odpowiedzi
Twoja historia wyników
Nie rozwiązałeś tego quizu